Public administration in India (Record no. 394512)

MARC details
000 -LEADER
fixed length control field 00535 a2200205 4500
005 - DATE & TIME
control field 20260327100739.0
008 - FIXED-LENGTH DATA ELEMENTS--GENERAL INFORMATION
fixed length control field 260324b |||||||| |||| 00| 0 eng d
020 ## - ISBN
International Standard Book Number 9781041029397
Price Rs. 995.00
040 ## - CATALOGING SOURCE
Original cataloging agency VIVEKANANDA LIBRARY
082 ## - DDC NUMBER
Classification number 350.954
Book Number C349P
100 ## - MAIN ENTRY--PERSONAL NAME
Personal name Chakrabarty, Bidyut
245 ## - TITLE STATEMENT
Title Public administration in India
260 ## - PUBLICATION, DISTRIBUTION, ETC. (IMPRINT)
Name of publisher, distributor, etc Routledge
Date of publication, distribution, etc 2025
Place of publication, distribution, etc Abingdon
300 ## - PHYSICAL DESCRIPTION
Pages 433
650 ## - Subject
Subject Public Administration
650 ## - Subject
Subject India
650 ## - Subject
Subject Indian Administration
700 ## - Added Entry Personal Name
Added Entry Personal Name Kandpal, Prakash Chand
942 ## - ADDED ENTRY ELEMENTS (KOHA)
Koha item type Books
Holdings
Withdrawn status Lost status Source of classification or shelving scheme Damaged status Not for loan Location (home branch) Sublocation or collection (holding branch) Shelving location Date acquired Koha issues (times borrowed) Koha full call number Accession No. Koha date last seen Koha item type
    Dewey Decimal Classification     VIVEKANANDA LIBRARY VIVEKANANDA LIBRARY Vivekananda Library 28/01/2026   350.954 C349P 444663 28/01/2026 Books
© Designed and Maintained by Vivekananda Library, MDU Rohtak